000 00306nam a22001337a 4500
008 170614b xxu||||| |||| 00| 0 eng d
020 _a0316281239
041 _aeng
080 _a32
100 _a19
101 _aSHP
245 _aAND THE MODERN AAERMICAN PRESIDENCY
_cTRUMAN.H.S
942 _2udc
_cBK
999 _c17384
_d17384